Southville International School and Colleges
Your cart is empty.
  • Cart
  • Lists
    Public lists Eva Luna New books Lux_list list_1
    Your lists Log in to create your own lists
  • Log in to your account
  • Your cookies
  • Search history
Southville International School and Colleges
  • Advanced search
  • Recent comments
  • Most popular
  • Libraries

Log in to your account

Log in with GOOGLE


If you do not have an external account, but do have a local account, you can still log in:

  1. Home
  2. MARC view: Testbuilder for the TOEIC tests /
Normal view MARC view ISBD view

Testbuilder for the TOEIC tests / (Record no. 117965)

[ view plain ]
MARC details
000 -LEADER
fixed length control field 00667nam a2200193Ia 4500
008 - FIXED-LENGTH DATA ELEMENTS--GENERAL INFORMATION
fixed length control field 140609s9999 xx 000 0 und d
020 ## - INTERNATIONAL STANDARD BOOK NUMBER
International Standard Book Number 9780230427891
050 ## - LIBRARY OF CONGRESS CALL NUMBER
Classification number PE 1128
Item number .B393 2012
100 ## - MAIN ENTRY--PERSONAL NAME
Personal name Beck, Jessica.
245 ## - TITLE STATEMENT
Title Testbuilder for the TOEIC tests /
Statement of responsibility, etc Jessica Beck
260 ## - PUBLICATION, DISTRIBUTION, ETC. (IMPRINT)
Place of publication, distribution, etc Oxford [England] :
Name of publisher, distributor, etc Macmillan,
Date of publication, distribution, etc c2012.
300 ## - PHYSICAL DESCRIPTION
Extent 207 p. :
Other physical details ill. ;
Dimensions 27 cm.
Accompanying material + 3 sound discs (digital ; 4 3/4 in).
521 ## - TARGET AUDIENCE NOTE
Target audience note
650 ## - SUBJECT ADDED ENTRY--TOPICAL TERM
Topical term or geographic name as entry element English language
General subdivision Examinations -- Study guides.
650 ## - SUBJECT ADDED ENTRY--TOPICAL TERM
Topical term or geographic name as entry element English language
General subdivision Sound recordings for foreign speakers.
650 ## - SUBJECT ADDED ENTRY--TOPICAL TERM
Topical term or geographic name as entry element Vocabulary
General subdivision Examinations -- Study guides.
942 ## - ADDED ENTRY ELEMENTS (KOHA)
Call number prefix Foreign
Koha item type Books
Holdings
Withdrawn status Lost status Damaged status Home library Current library Shelving location Date acquired Cost, normal purchase price Total Checkouts Full call number Barcode Date last seen Price effective from Koha item type
      College Library College Library Reserve Section 06/09/2014 1403.00   PE 1128 .B393 2012 C18253 05/15/2018 06/09/2014 Books

Testbuilder for the TOEIC tests /

APA

Beck J., . (2012). Testbuilder for the TOEIC tests. Oxford [England]: Macmillan.

Chicago

Beck Jessica, . 2012. Testbuilder for the TOEIC tests. Oxford [England]: Macmillan.

Harvard

Beck J., . (2012). Testbuilder for the TOEIC tests. Oxford [England]: Macmillan.

MLA

Beck Jessica, . Testbuilder for the TOEIC tests. Oxford [England]: Macmillan. 2012.

  • Place hold
  • Print
  • Cite
  • Add to your cart (remove)
  • Save record
    BIBTEX Dublin Core MARCXML MARC (non-Unicode/MARC-8) MARC (Unicode/UTF-8) MARC (Unicode/UTF-8, Standard) MODS (XML) RIS
  • More searches
    Search for this title in:
    Other Libraries (WorldCat) Other Databases (Google Scholar) Online Stores (Bookfinder.com) Open Library (openlibrary.org)

Exporting to Dublin Core...

SOUTHVILLE LIBRARY

Southville International School and Colleges Library

1281 Tropical Ave. Cor. Luxembourg St., BF Homes International, Las Pinas City

Tel. No. 8256374 / 252358 Loc. 117/146

Powered by Koha